[Event "Australian Open 2013"]
[Site "Cammeray AUS"]
[Date "2013.01.07"]
[Round "6.27"]
[White "Puccini,Jack"]
[Black "Bennett,H"]
[Result "1-0"]
[WhiteElo "1819"]
[BlackElo "1966"]

1.Nf3 Nf6 2.c4 g6 3.Nc3 Bg7 4.e4 d6 5.d4 O-O 6.Be2 Nbd7 7.O-O e5 8.d5 Nc5
9.Nd2 a5 10.b3 Nfd7 11.Rb1 f5 12.a3 Nf6 13.f3 f4 14.b4 axb4 15.axb4 Ncd7
16.Qb3 Rf7 17.Ba3 g5 18.Rbc1 h5 19.c5 Nf8 20.Nc4 Ng6 21.b5 Bf8 22.b6 dxc5
23.bxc7 Qxc7 24.Nb5 Qd8 25.Bb2 Nd7 26.Rfd1 Qf6 27.Nc7 Rb8 28.Nb5 Ra8 29.d6 Ra6
30.Nca3 Bxd6 31.Nxd6 Rxd6 32.Rxd6 Qxd6 33.Bc4 Qe7 34.Nb5 Nh8 35.Rd1 Kf8 36.Nd6 Rf6
37.Nxc8 Qd8 38.Qxb7  1-0

[Event "Australian Open 2013"]
[Site "Cammeray AUS"]
[Date "2013.01.07"]
[Round "6.25"]
[White "Viswanath,G"]
[Black "Chmiel,R"]
[Result "1/2-1/2"]
[WhiteElo "2030"]
[BlackElo "1860"]

1.d4 d6 2.Nf3 Nf6 3.c4 g6 4.Nc3 Bg7 5.e4 O-O 6.Be2 Na6 7.O-O e5 8.Be3 Ng4
9.Bg5 Qe8 10.dxe5 dxe5 11.h3 h6 12.Bd2 Nf6 13.Be3 Nh5 14.b4 Nxb4 15.Bc5 Nc6
16.Nd5 Qd8 17.Bxf8 Bxf8 18.Nh2 Nf6 19.Bd3 Nd4 20.Ng4 Bxg4 21.Nxf6+ Qxf6 22.Qxg4 Qe6
23.Qxe6 Nxe6 24.g3 Bc5 25.Kg2 Bd4 26.Rab1 Nc5 27.Bc2 Kg7 28.f4 f6 29.Rf3 Rd8
30.Rd1 Rd6 31.fxe5 Bxe5 32.Rd5 b6 33.Rf1 a5 34.Rf2 Na6 35.Ba4 Nb4 36.c5 Rxd5
37.exd5 bxc5 38.Bb3 Kf8 39.Bc4 c6 40.dxc6 Nxc6 41.Bd3 g5 42.Be4 Nd8 43.Rc2 Bd4
44.Kf3 Nf7 45.Kg4 Nd6 46.Bd3 Kf7 47.Kh5 Ke6 48.Kxh6 Nf5+ 49.Kg6 Nxg3 50.Rc1 Kd5
51.Rc4 Nh1 52.Ra4 Nf2 53.Bc4+ Ke5 54.Bf1 Bc3 55.Rc4 Bd4 56.Ra4 Bc3 57.Rc4 Bd4  1/2-1/2

[Event "Australian Open 2013"]
[Site "Cammeray AUS"]
[Date "2013.01.08"]
[Round "7.22"]
[White "Atzmon Simon,B"]
[Black "Ng,Clive"]
[Result "1-0"]
[WhiteElo "2092"]
[BlackElo "1936"]

1.d4 Nf6 2.c4 g6 3.Nc3 Bg7 4.e4 d6 5.Nf3 O-O 6.Be2 e5 7.Be3 Ng4 8.Bg5 f6
9.Bd2 Nc6 10.d5 Ne7 11.h3 Nh6 12.Qc1 Nf7 13.O-O g5 14.Ne1 Nh6 15.h4 Ng6 16.hxg5 Nf7
17.gxf6 Qxf6 18.Nd3 Nh4 19.f4 Qg6 20.Rf2 exf4 21.Nxf4 Qg3 22.Nh5 Qg6 23.Nxg7 Qxg7
24.Bf4 Ng6 25.Qe3 Nxf4 26.Rxf4 Ne5 27.Rxf8+ Kxf8 28.c5 Bd7 29.Rc1 Ke7 30.Nb5 Rg8
31.Qf2 Bxb5 32.cxd6+ cxd6 33.Bxb5 Kd8 34.Rc3 Nd7 35.Bxd7 Qxd7 36.Qxa7 Qg4
37.Qb8+ Ke7 38.Qc7+ Qd7 39.e5 dxe5 40.Qxe5+ Kd8  1-0

[Event "Australian Open 2013"]
[Site "Cammeray AUS"]
[Date "2013.01.10"]
[Round "8.30"]
[White "Low,F"]
[Black "Lovejoy,D"]
[Result "0-1"]
[WhiteElo "1791"]
[BlackElo "1937"]

1.d4 Nf6 2.c4 g6 3.Nf3 Bg7 4.Nc3 d6 5.e4 O-O 6.Be2 e5 7.O-O Na6 8.Bg5 h6
9.Bxf6 Qxf6 10.dxe5 dxe5 11.Nd5 Qd6 12.Qc2 c6 13.Ne3 Qe7 14.a3 Nc7 15.Rfd1 Ne6
16.c5 Qxc5 17.Rac1 Qxc2 18.Rxc2 Nd4 19.Rcd2 Be6 20.Bc4 Rfe8 21.Bxe6 Rxe6
22.b4 a5 23.Nc2 axb4 24.axb4 Nxc2 25.Rxc2 Rd6 26.Rdc1 Rad8 27.g3 Rd3 28.Kg2 Rb3
29.Rc4 Rdd3 30.Ne1 Rd4 31.Nf3 Rdd3 32.Ne1 Rd2 33.Nf3 Rdb2 34.Rd1 Rxb4 35.Rd8+ Kh7
36.Rxb4 Rxb4 37.Rd7 f6 38.Rc7 g5 39.h3 Kg6 40.g4 Bf8 41.h4 gxh4 42.Nxh4+ Kg5
43.Kg3 h5 44.Rf7 Bh6 45.gxh5 Rxe4  0-1

[Event "Australian Open 2013"]
[Site "Cammeray AUS"]
[Date "2013.01.11"]
[Round "9.38"]
[White "James,Laughlan"]
[Black "Vuglar,Shanon"]
[Result "0-1"]
[WhiteElo "1865"]
[BlackElo "1778"]

1.d4 Nf6 2.c4 g6 3.Nc3 Bg7 4.e4 d6 5.Nf3 O-O 6.Be2 e5 7.Be3 Nh5 8.g4 Nf4
9.Bxf4 exf4 10.Qd2 g5 11.O-O-O Nc6 12.Rdg1 Bd7 13.d5 Ne5 14.Nd4 Qf6 15.Nf5 Bxf5
16.gxf5 f3 17.Bf1 a6 18.Nd1 Rfb8 19.Ne3 b5 20.cxb5 axb5 21.a3 Nc4 22.Bxc4 bxc4
23.Nd1 Rb3 24.Qc2 Rab8 25.Qxc4 Rxb2 26.Nxb2 Qxb2+ 27.Kd1 Qb1+ 28.Kd2 Rb2+
29.Ke3 Rb3+ 30.Kd2 Qa2+ 31.Qc2 Bc3+  0-1

[Event "VII Magistral da Hebraica"]
[Site "Sao Paulo BRA"]
[Date "2013.01.11"]
[Round "7.5"]
[White "Abdalla,L"]
[Black "Feliciano,V"]
[Result "1/2-1/2"]
[WhiteElo "2335"]
[BlackElo "2235"]

1.d4 Nf6 2.c4 g6 3.Nc3 Bg7 4.e4 d6 5.Nf3 O-O 6.Be2 e5 7.dxe5 dxe5 8.Qxd8 Rxd8
9.Bg5 Re8 10.Nd5 Nxd5 11.cxd5 c6 12.Bc4 cxd5 13.Bxd5 Nc6 14.O-O Be6 15.Bxc6 bxc6
16.Rfc1 Rac8 17.Be3 Re7 18.Rc3 f6 19.Nd2 Rb7 20.b3 Bf8 21.Rac1 Ba3 22.R1c2 Rbc7
23.Bc5 Bxc5 24.Rxc5 Rd8 25.Kf1 Kf7 26.Ke2 Rd6 27.Nb1 Bc8 28.Ra5 Rcd7 29.Rd2 Rxd2+
30.Nxd2 Ke7 31.Nc4 Rc7 32.Kd3 Be6 33.Kc3 Rb7 34.Rc5 Bxc4  1/2-1/2

[Event "TCh-FIN SM 2012-13"]
[Site "Salo FIN"]
[Date "2013.01.12"]
[Round "8.7"]
[White "Hautaniemi,Jarmo"]
[Black "Hynninen,J"]
[Result "1/2-1/2"]
[WhiteElo "2023"]
[BlackElo "2194"]

1.d4 Nf6 2.c4 g6 3.Nc3 Bg7 4.e4 d6 5.Nf3 O-O 6.Be2 Na6 7.O-O e5 8.Re1 Bg4
9.dxe5 Bxf3 10.Bxf3 dxe5 11.Be3 c6 12.Qb3 Qc7 13.Red1 Nd7 14.Qa3 Rfd8 15.b4 Nab8
16.Qb3 Nf8 17.Bg4 Nbd7 18.c5 Nf6 19.Bh3 h5 20.f3 Ne8 21.a4 Bf6 22.Bh6 Ng7
23.Bxg7 Kxg7 24.Kf2 Be7 25.a5 Nh7 26.g3 Ng5 27.Bf1 Ne6 28.Ne2 Rxd1 29.Rxd1 Rd8
30.Bh3 Ng5 31.Bf1 Ne6 32.Bh3 Ng5  1/2-1/2

[Event "Australian Open 2013"]
[Site "Cammeray AUS"]
[Date "2013.01.13"]
[Round "11.37"]
[White "Encel,B"]
[Black "Chmiel,R"]
[Result "0-1"]
[WhiteElo "1881"]
[BlackElo "1860"]

1.d4 d6 2.c4 Nf6 3.Nc3 g6 4.e4 Bg7 5.Be2 O-O 6.Nf3 Na6 7.O-O e5 8.d5 Nc5
9.Qc2 a5 10.h3 Nh5 11.Ne1 Nf4 12.Bxf4 exf4 13.Nd3 Qg5 14.Kh1 Bxc3 15.Nxc5 Bg7
16.Nd3 f5 17.f3 Bd4 18.Rad1 Be3 19.e5 dxe5 20.Nxe5 Qf6 21.Nd3 b6 22.c5 Rd8
23.cxb6 cxb6 24.Qc6 Qxc6 25.dxc6 Ba6 26.c7 Rdc8 27.Nxf4 Bxe2 28.Nxe2 Rxc7
29.Nc3 Bc5 30.a4 Re8 31.Nd5 Rc6 32.Rd2 Kf7 33.Rfd1 Rce6 34.Nf4 Re1+ 35.Kh2 Rxd1
36.Rxd1 Re7 37.Rd2 Be3  0-1

[Event "TCh-CZE Div1 Vychod 2012-13"]
[Site "Czech Republic CZE"]
[Date "2013.01.13"]
[Round "5.2"]
[White "Vanek,L"]
[Black "Jasny,S"]
[Result "0-1"]
[WhiteElo "2181"]
[BlackElo "2307"]

1.d4 Nf6 2.c4 d6 3.Nf3 Nbd7 4.Nc3 e5 5.e4 g6 6.Be2 Bg7 7.O-O O-O 8.Be3 c6
9.Qd2 Ng4 10.Bg5 f6 11.Bh4 Nh6 12.Rad1 Nf7 13.d5 c5 14.Ne1 h5 15.f3 Bh6 16.Qd3 Kg7
17.Nc2 Bg5 18.Bf2 h4 19.a3 Nh6 20.Nb5 Nb8 21.b4 b6 22.Ra1 Na6 23.Rfb1 f5
24.Nc3 Bf4 25.b5 Nc7 26.a4 a5 27.bxa6 Rxa6 28.Rb2 Ne8 29.Qd1 Bd7 30.Bd3 fxe4
31.Bxe4 Nf5 32.Qd3 Qg5 33.Kh1 Nf6 34.Rab1 Ng3+ 35.Kg1 Ngxe4 36.Nxe4 Nxe4
37.Qxe4 Rxa4 38.Qe2 Bf5 39.Rxb6 Ra2 40.R6b2 Rfa8 41.Rb7+ Kh6 42.R1b2 R8a7
43.Rb8 Kg7 44.Ne1 Ra1 45.R2b7+ Rxb7 46.Rxb7+ Kh6 47.Rb8 Bd2 48.Rb2 Bc3 49.Rb3 Bd4
50.Kf1 Rc1 51.Rb8 Bxf2 52.Kxf2 Qf4  0-1

[Event "Paul Keres Mem IM 2013"]
[Site "Tallin EST"]
[Date "2013.01.13"]
[Round "1.5"]
[White "Shvyrjov,I"]
[Black "Agopov,M"]
[Result "1/2-1/2"]
[WhiteElo "2470"]
[BlackElo "2429"]

1.d4 Nf6 2.c4 g6 3.Nc3 Bg7 4.e4 d6 5.Nf3 O-O 6.Be2 e5 7.dxe5 dxe5 8.Qxd8 Rxd8
9.Bg5 Re8 10.Nd5 Nxd5 11.cxd5 c6 12.Bc4 b5 13.Bb3 a5 14.a3 Bb7 15.Rc1 a4
16.Ba2 Rc8 17.Be3 b4 18.axb4 a3 19.bxa3 Rxa3 20.Bb1 cxd5 21.Rxc8+ Bxc8 22.exd5 Ba6
23.Kd2 Nd7 24.Rc1 Bf8  1/2-1/2

[Event "PSC Cup 2013"]
[Site "Manila PHI"]
[Date "2013.01.14"]
[Round "1.12"]
[White "Montoya,E"]
[Black "Ganzon,Rommel"]
[Result "1-0"]
[WhiteElo "2096"]
[BlackElo "2403"]

1.d4 Nf6 2.c4 g6 3.Nc3 Bg7 4.e4 d6 5.Nf3 O-O 6.Be2 Na6 7.O-O e5 8.Be3 exd4
9.Nxd4 Nc5 10.f3 Re8 11.Qd2 Ne6 12.Rfd1 Nxd4 13.Bxd4 Be6 14.Rac1 Nh5 15.Bf2 b6
16.g4 Nf6 17.h3 Nd7 18.f4 f5 19.exf5 gxf5 20.Bf3 Rb8 21.Re1 Kh8 22.Nb5 fxg4
23.hxg4 Nf8 24.Nxa7 Qf6 25.f5 h5 26.Nc6 hxg4 27.Bd4 Qh4 28.Bxg7+ Kxg7 29.Qd4+ Kf7
30.fxe6+ Nxe6 31.Bd5 Qg3+ 32.Kf1 Kg6 33.Qe4+ Kh5 34.Bxe6 Rxe6 35.Qf5+ Kh4
36.Rxe6 Qh3+ 37.Kf2  1-0

[Event "Dvorkovich Mem 2013"]
[Site "Taganrog RUS"]
[Date "2013.01.16"]
[Round "2.19"]
[White "Zakharov,AI"]
[Black "Esipenko,Andrey"]
[Result "1/2-1/2"]
[WhiteElo "2388"]
[BlackElo "2140"]

1.d4 Nf6 2.c4 g6 3.Nc3 Bg7 4.e4 d6 5.Nf3 O-O 6.Be2 e5 7.O-O exd4 8.Nxd4 Re8
9.f3 c6 10.Kh1 Nbd7 11.Bg5 Qc7 12.Qd2 Nc5 13.Rad1 Nfd7 14.Bh6 Nf6 15.Bxg7 Kxg7
16.Nc2 Re6 17.b4 Ncd7 18.Nd4 Re8 19.Nb3 Re6 20.g4 h6 21.Rg1 Kh7 22.Rg3 a5
23.Nxa5 Rxa5 24.bxa5 Qxa5 25.f4 Nxe4 26.Nxe4 Qxd2 27.Nxd2 Rxe2 28.Rg2 Re3
29.Nb3 Nf6 30.Rxd6 Bxg4 31.Rxg4 Nxg4 32.Rd7 Kg7 33.Rxb7 h5 34.Nc5 h4 35.Rb3 Re2
36.h3 Ne3 37.Nd3 Nxc4 38.Rb4 Nd6 39.a4 Nf5 40.Ne5 Re3 41.Kh2 Re2+ 42.Kg1 Re3
43.Rb7 Rxh3 44.Rxf7+ Kg8 45.Rf6 Kh7 46.Rxc6  1/2-1/2

[Event "Dvorkovich Mem 2013"]
[Site "Taganrog RUS"]
[Date "2013.01.16"]
[Round "2.8"]
[White "Kryakvin,D"]
[Black "Kotenko,P"]
[Result "1/2-1/2"]
[WhiteElo "2586"]
[BlackElo "2407"]

1.d4 Nf6 2.c4 g6 3.Nc3 Bg7 4.e4 d6 5.Nf3 O-O 6.Be2 e5 7.O-O Nh5 8.g3 Bh3
9.Re1 exd4 10.Nxd4 Nf6 11.Bf3 Nbd7 12.Bh1 Ne5 13.b3 Nfd7 14.f4 Ng4 15.Bb2 c6
16.Bg2 Bxg2 17.Kxg2 Nc5 18.Rb1 a5 19.Qxg4 Bxd4 20.Rbd1 Bxc3 21.Bxc3 Nxe4
22.Rxe4 f5 23.Qe2 fxe4 24.Qxe4 c5 25.Qxb7 Rf7 26.Qc6 Qe8 27.Qf3 a4 28.Rxd6 axb3
29.axb3 Ra2+ 30.Kh3 Qa8 31.Qxa8+ Rxa8 32.Rc6 Rb8 33.Be5 Rxb3 34.Rxc5 Rb1
35.Kg4 Rc1 36.Rc8+ Rf8 37.Rc6 Rf7 38.c5 Rc4 39.Kh4 Re7 40.Kg5 Rf7 41.g4 Rc2
42.h4 Rg2 43.h5 gxh5 44.Kxh5 Re7 45.Kg5 Kf7 46.Bd6 Rd7 47.Rc8 Rc2 48.Rh8 Ke6
49.f5+ Kd5 50.f6 Ke6 51.Re8+ Kf7 52.Re3 Rd2 53.Rf3 R2xd6 54.cxd6 Rxd6 55.Rh3 Kg8
56.Re3 Rd1 57.Re8+ Kf7 58.Re7+ Kg8 59.Rg7+ Kh8 60.Kf5 Ra1 61.Re7 Kg8 62.g5 Ra5+
63.Kg4 Ra1 64.Kf5 Ra5+ 65.Re5 Ra1 66.Rd5 Kf7 67.Rd7+ Kg8 68.Ke6 Re1+ 69.Kf5 Ra1
70.Rd3 Kf7 71.Rd7+ Kg8 72.Re7 Ra5+ 73.Ke6 Ra6+ 74.Kd7 Ra7+ 75.Kc8 Ra8+ 76.Kd7 Ra7+
77.Ke6 Ra6+ 78.Kf5 Ra5+  1/2-1/2

[Event "Dvorkovich Mem 2013"]
[Site "Taganrog RUS"]
[Date "2013.01.16"]
[Round "2.6"]
[White "Smirnov,P"]
[Black "Belyakov,B"]
[Result "1-0"]
[WhiteElo "2610"]
[BlackElo "2410"]

1.d4 Nf6 2.c4 d6 3.Nc3 g6 4.e4 Bg7 5.Nf3 O-O 6.Be2 e5 7.O-O exd4 8.Nxd4 Re8
9.f3 Nc6 10.Be3 Nh5 11.Nc2 f5 12.Qd2 f4 13.Bxf4 Nxf4 14.Qxf4 Be6 15.Rad1 b6
16.Qd2 a5 17.Kh1 a4 18.Ne3 Ra5 19.f4 Bf7 20.Nb5 Na7 21.e5 Nxb5 22.cxb5 Qe7
23.Bf3 dxe5 24.Bc6 Rf8 25.Nd5 Qd6 26.Qe1 Qe6 27.Nxc7 Qxa2 28.fxe5 Bb3 29.e6 Ra7
30.e7 Rxc7 31.Rxf8+  1-0

[Event "Paul Keres Mem FIDE 2013"]
[Site "Tallin EST"]
[Date "2013.01.16"]
[Round "6.4"]
[White "Malinin,Y"]
[Black "Tsiganova,M"]
[Result "1-0"]
[WhiteElo "2282"]
[BlackElo "2161"]

1.d4 Nf6 2.c4 g6 3.Nc3 Bg7 4.e4 d6 5.Nf3 O-O 6.Be2 e5 7.d5 a5 8.Bg5 h6 9.Bh4 Na6
10.Nd2 Nc5 11.b3 c6 12.O-O Bd7 13.Rb1 Qb8 14.a3 g5 15.Bg3 cxd5 16.exd5 Bf5
17.Rc1 Qa7 18.Re1 Bg6 19.h4 Qb6 20.hxg5 hxg5 21.Kh1 Nfd7 22.f3 f5 23.Bf2 Kf7
24.g4 Rh8+ 25.Kg2 e4 26.gxf5 Be5 27.fxg6+ Kxg6 28.Bg1 Qd8 29.Ncxe4 Qf8 30.Qc2 Qf4
31.Nf1 Kg7 32.Qd2 Nxe4 33.Qxf4 gxf4 34.fxe4 Kf7 35.Nh2 Rag8+ 36.Kf1 Bb2 37.Rc2 Bxa3
38.Bg4 Rxh2 39.Be6+ Ke7 40.Rxh2 Rg7 41.Bf2 Ne5 42.Bh4+  1-0

[Event "TCh-AUT 2012-13"]
[Site "Graz AUT"]
[Date "2013.01.17"]
[Round "4.6"]
[White "Lehner,O"]
[Black "Hatzl,S"]
[Result "1-0"]
[WhiteElo "2446"]
[BlackElo "2183"]

1.d4 d6 2.c4 Nf6 3.Nc3 g6 4.e4 Bg7 5.Be2 O-O 6.Nf3 e5 7.O-O Nbd7 8.Be3 Re8
9.d5 Nh5 10.g3 Bf8 11.b4 Ng7 12.Qd2 f5 13.Bg5 Be7 14.c5 Bxg5 15.Nxg5 Nf6
16.exf5 Bxf5 17.f3 Qe7 18.Bc4 h6 19.Nge4 Bxe4 20.fxe4 Kh7 21.c6 b6 22.Rf3 a5
23.bxa5 Rxa5 24.Raf1 Ngh5 25.Be2 Kg7 26.R3f2 Raa8 27.Bxh5 Nxh5 28.Nb5 Rac8
29.Rf3 Rf8 30.Rxf8 Rxf8 31.Rxf8 Kxf8 32.Qxh6+ Kf7 33.Qh7+ Ng7 34.Qh3 Qg5
35.Qf1+ Ke7 36.Qe1 Ne8 37.h4 Qg4 38.Qe3 Kd8 39.Kh2 Nf6 40.Nc3 Nh5 41.a4 Ke7
42.Qg5+ Qxg5 43.hxg5 Kd8 44.Ne2 Kc8 45.g4 Ng7 46.Nc3 Kb8 47.Nb5  1-0

[Event "PSC Cup 2013"]
[Site "Manila PHI"]
[Date "2013.01.17"]
[Round "5.23"]
[White "Mirano,Kevin"]
[Black "Ganzon,Rommel"]
[Result "1-0"]
[WhiteElo "2037"]
[BlackElo "2403"]

1.d4 Nf6 2.Nf3 g6 3.c4 Bg7 4.Nc3 O-O 5.e4 d6 6.Be2 e5 7.dxe5 dxe5 8.Qxd8 Rxd8
9.Bg5 Re8 10.Rd1 h6 11.Bxf6 Bxf6 12.Nd5 Bd8 13.Nxe5 c6 14.Nc3 Ba5 15.f4 f6
16.Nxg6 Kg7 17.Nh4 Rxe4 18.g3 Bh3 19.Kd2 Na6 20.Bd3 Rd8 21.Kc1 Red4 22.Bf5 Bxc3
23.Rxd4 Bxd4 24.Bxh3 Nc5 25.Nf5+ Kg6 26.Kc2 Bxb2 27.Nh4+ Kf7 28.Kxb2 Nd3+
29.Kc2 Nf2 30.Rb1 Nxh3 31.Rxb7+ Ke6 32.Rxa7 Nf2 33.a4 Ne4 34.Nf3 Kd6 35.Nd2 Nf2
36.Rh7 Kc5 37.a5 Ng4 38.a6 Kb6 39.h3 Ne3+ 40.Kc1 Kxa6 41.Rxh6 Rf8 42.Rh7 Ka5
43.g4 Kb4 44.Re7 Ng2 45.f5 c5 46.Kc2 Rh8 47.Rb7+ Ka4 48.Ne4 Rxh3 49.Nxc5+ Ka3
50.Nd3 Ne3+ 51.Kc3 Ka2 52.Ra7+ Kb1 53.Rg7 Rg3 54.c5 Nd5+ 55.Kd4 Ne3 56.Rg6 Kc2
57.Nf4 Kd2 58.c6 Nc2+ 59.Kd5 Rc3 60.Kd6 Nd4 61.c7 Nb5+ 62.Ke7 Nxc7 63.Kxf6  1-0

[Event "Dvorkovich Mem 2013"]
[Site "Taganrog RUS"]
[Date "2013.01.17"]
[Round "3.2"]
[White "Sjugirov,S"]
[Black "Belous,V"]
[Result "1-0"]
[WhiteElo "2643"]
[BlackElo "2554"]

1.d4 Nf6 2.c4 g6 3.Nc3 Bg7 4.e4 d6 5.Nf3 O-O 6.Be2 Na6 7.O-O e5 8.Be3 Ng4
9.Bg5 Qe8 10.h3 h6 11.Bh4 Nf6 12.Bxf6 Bxf6 13.c5 Bg7 14.cxd6 exd4 15.Nd5 Qxe4
16.Bc4 Kh7 17.d7 c6 18.dxc8=Q Raxc8 19.Re1 cxd5 20.Rxe4 dxe4 21.Bxa6 bxa6
22.Nd2 Rce8 23.Qa4 Re6 24.Qd7 e3 25.Nf3 e2 26.Re1 Re4 27.Qd5 f5 28.Nd2 Re7
29.Qc4 Rfe8 30.Qd3 Re6 31.Nb3 Bf6 32.Nc1 Bg5 33.Nxe2 Bd8 34.a3 Ba5 35.b4 Bb6
36.Kf1 a5 37.bxa5 Bxa5 38.Rb1 R8e7 39.g3  1-0

[Event "5th Chennai Open 2013"]
[Site "Chennai IND"]
[Date "2013.01.18"]
[Round "2"]
[White "Prasannaa,S"]
[Black "Rahman,Zia"]
[Result "0-1"]
[WhiteElo "2113"]
[BlackElo "2526"]

1.e4 g6 2.d4 Bg7 3.c4 d6 4.Nc3 Nd7 5.Nf3 e5 6.Be2 Ngf6 7.O-O O-O 8.Re1 Re8
9.d5 Nh5 10.Bg5 Bf6 11.Be3 Be7 12.Qc2 Ng7 13.Bd3 Rf8 14.Bh6 Nc5 15.b4 Nxd3
16.Qxd3 f5 17.Nd2 Rf7 18.Bxg7 Rxg7 19.Nb3 f4 20.c5 g5 21.Rac1 g4 22.Nb5 Bf8
23.cxd6 cxd6 24.Rc3 a6 25.Na3 h5 26.Rec1 h4 27.g3 hxg3 28.fxg3 Rh7 29.Qc2 Bd7
30.Qf2 Bh6 31.Rf1 Rc8 32.Rxc8 Qxc8 33.Qb6 f3 34.Rf2 Qc3 35.Nc2 Qd3 36.Qd8+ Bf8
37.Qg5+ Rg7 38.Qe3 Bb5 39.Nc1 Qd1+ 40.Ne1 Be2 41.Nd3 Rg6 42.Qc1 Qa4 43.a3 Qb3
44.Qb2 Qxb2 45.Nxb2 Bh6 46.Nc2 Rg7 47.h3 Rc7  0-1

[Event "5th Chennai Open 2013"]
[Site "Chennai IND"]
[Date "2013.01.18"]
[Round "6"]
[White "Vignesh,NR"]
[Black "Ramnath,B"]
[Result "1/2-1/2"]
[WhiteElo "2188"]
[BlackElo "2339"]

1.d4 Nf6 2.Nf3 g6 3.c4 Bg7 4.Nc3 O-O 5.e4 d6 6.Be2 Na6 7.O-O e5 8.dxe5 dxe5
9.Qc2 Qe8 10.Rd1 c6 11.a3 Bg4 12.Be3 Nh5 13.h3 Bxf3 14.Bxf3 Nf4 15.Ne2 Ne6
16.Bg4 Nac7 17.Rd2 c5 18.Bxe6 Nxe6 19.Nc3 f5 20.f3 Nd4 21.Qd1 Rc8 22.Nd5 Kh8
23.Rc1 b6 24.Rd3 Rf7 25.Rd2 Qe6  1/2-1/2

[Event "38th Seville Open"]
[Site "Seville ESP"]
[Date "2013.01.18"]
[Round "8.2"]
[White "Gonzalez Perez,A"]
[Black "Matamoros Franco,C"]
[Result "0-1"]
[WhiteElo "2474"]
[BlackElo "2538"]

1.d4 Nf6 2.c4 g6 3.Nc3 Bg7 4.e4 d6 5.Nf3 O-O 6.Be2 e5 7.O-O exd4 8.Nxd4 Re8
9.f3 c6 10.Kh1 Nh5 11.g4 Nf6 12.Rg1 a6 13.Rg2 b5 14.a3 bxc4 15.Bxc4 d5 16.exd5 cxd5
17.Ba2 Bb7 18.Re2 Nc6 19.Rxe8+ Qxe8 20.Nce2 Nxg4 21.Qg1 Nxd4 22.Nxd4 Nxh2
23.Kxh2 Qe5+ 24.Kg2 Qxd4 25.Qxd4 Bxd4 26.Bh6 Rc8 27.Rd1 Bg7 28.Bxg7 Rc2+
29.Kg3 Kxg7 30.Bxd5 Bxd5 31.Rxd5 Rxb2 32.Rd6 h5 33.Rxa6 g5 34.a4 f6 35.a5 h4+
36.Kg4 Kg6 37.Rb6 Rg2+ 38.Kh3 Rg3+ 39.Kh2 Rxf3 40.a6 Ra3  0-1

[Event "Dvorkovich Mem 2013"]
[Site "Taganrog RUS"]
[Date "2013.01.18"]
[Round "4.32"]
[White "Dida,Igor"]
[Black "Frolov,Andrey"]
[Result "0-1"]
[WhiteElo "1947"]
[BlackElo "2198"]

1.c4 Nf6 2.Nc3 g6 3.d4 Bg7 4.e4 d6 5.Nf3 O-O 6.Be2 e5 7.dxe5 dxe5 8.O-O Nbd7
9.Qc2 c6 10.Rd1 Qe7 11.Bg5 h6 12.Bh4 g5 13.Bg3 Nh5 14.Ne1 Nf4 15.Bg4 Nc5
16.Bxc8 Raxc8 17.f3 Nce6 18.Bf2 b6 19.Ne2 h5 20.Ng3 Rfd8 21.Nf5 Qc7 22.Rxd8+ Rxd8
23.Rd1 Nd4 24.Bxd4 exd4 25.Nxg7 Kxg7 26.g3 Ne6 27.b4 c5 28.b5 a6 29.a4 axb5
30.axb5 Ra8 31.Nd3 Ra3 32.Rf1 Rc3 33.Qe2 f6 34.Ra1 h4 35.Kf2 hxg3+ 36.hxg3 Nd8
37.e5 fxe5 38.Nxe5 Re3 39.Qc2 Qxe5 40.Ra7+ Nf7 41.Rd7 g4 42.Rxf7+ Kxf7 43.Qh7+ Kf8
44.Qh6+ Ke7 45.Qh7+ Kd8 46.Qg8+ Kc7 47.Qf7+ Kb8 48.Qf8+ Ka7  0-1

[Event "e2e4 Chester Open"]
[Site "Chester ENG"]
[Date "2013.01.19"]
[Round "3"]
[White "Wiley,To"]
[Black "Hebden,M"]
[Result "0-1"]
[WhiteElo "2241"]
[BlackElo "2548"]

1.d4 Nf6 2.c4 g6 3.Nc3 Bg7 4.e4 d6 5.Be2 O-O 6.Nf3 e5 7.d5 a5 8.Bg5 h6 9.Bh4 Na6
10.Nd2 Qe8 11.a3 Bd7 12.b3 Nh7 13.f3 h5 14.Bf2 Bh6 15.Rb1 Qe7 16.b4 axb4
17.axb4 Rfb8 18.h4 c5 19.dxc6 bxc6 20.b5 Nc5 21.bxc6 Bxc6 22.Rxb8+ Rxb8 23.Nd5 Qa7
24.O-O Rb2 25.Nb1 Bxd5 26.cxd5 Qa5 27.Qe1 Qa7 28.Qd1 Nf6 29.Re1 Qa5 30.Bd3 Qb4
31.Rf1 Nfd7 32.Be2 Nb3 33.Qe1 Nd4 34.Bxd4 Qxd4+ 35.Kh1 Nc5 36.Qd1 Qxd1  0-1

[Event "e2e4 Chester Open"]
[Site "Chester ENG"]
[Date "2013.01.19"]
[Round "3"]
[White "Shakespeare,John"]
[Black "Doran,C"]
[Result "0-1"]
[WhiteElo "1930"]
[BlackElo "1979"]

1.d4 Nf6 2.Nf3 g6 3.c4 Bg7 4.Nc3 O-O 5.e4 d6 6.Be2 e5 7.d5 a5 8.Bg5 h6 9.Bh4 Na6
10.O-O Bd7 11.Nd2 Qe8 12.Rb1 Nh7 13.b3 h5 14.f3 Bh6 15.Bf2 Qe7 16.Kh1 Qg5
17.Rb2 h4 18.Rg1 Qf6 19.a3 Nc5 20.b4 axb4 21.axb4 Na4 22.Nxa4 Rxa4 23.c5 Rfa8
24.Nc4 h3 25.cxd6 hxg2+ 26.Kxg2 Ra1 27.Qxa1 Rxa1 28.Rxa1 b5 29.Ra8+ Kg7 30.dxc7 bxc4
31.c8=Q Bxc8 32.Rxc8 Bf4 33.b5 Qg5+ 34.Kh1 Qh6 35.Bg1 Bxh2 36.Rxc4 Bf4+ 37.Kg2 Ng5
38.Rcb4 Qh3+ 39.Kf2 Qg3+ 40.Kf1 Nh3 41.Bc5 Qh2 42.Bd1 Qh1+ 43.Ke2 Bc1  0-1

[Event "Paul Keres Mem FIDE 2013"]
[Site "Tallin EST"]
[Date "2013.01.19"]
[Round "9.2"]
[White "Kaunas,K"]
[Black "Vepkhvishvili,V"]
[Result "0-1"]
[WhiteElo "2250"]
[BlackElo "2256"]

1.d4 Nf6 2.c4 g6 3.Nc3 Bg7 4.e4 d6 5.Nf3 O-O 6.Be2 e5 7.Be3 Nc6 8.d5 Ne7
9.Nd2 Ne8 10.Qc2 f5 11.f3 f4 12.Bf2 c5 13.a3 g5 14.b4 b6 15.O-O-O h5 16.Qb3 cxb4
17.axb4 Rf7 18.Kc2 Ng6 19.Ra1 Bf8 20.Ra3 g4 21.Rha1 g3 22.hxg3 fxg3 23.Bxg3 Qg5
24.Bf2 Bh6 25.Be1 Qxg2 26.c5 bxc5 27.bxc5 Be3 28.Bb5 Rb7 29.Bxe8 Rxb3 30.Rxb3 Bh3
31.Bxg6 Qxg6 32.c6 Rf8 33.Nb5 Bc5 34.c7 Qf7 35.Bh4 Bg4 36.Bd8 Bc8 37.Nc3 a6
38.Na4 Qd7 39.Nb6 Bxb6 40.Rxb6 h4 41.Bxh4 Qxc7+ 42.Rc6 Qa7 43.Rf1 Bd7 44.Bf2 Qb8
45.Rg1+ Kf7 46.Rc3 Bb5 47.Rh1 Ba4+ 48.Kd3 Qb5+ 49.Ke3 Qb6+ 50.Ke2 Bb5+ 51.Ke1 Qa5
52.Rc1 Rc8 53.Rxc8 Qa1+ 54.Nb1 Qxb1+  0-1

[Event "Paul Keres Mem IM 2013"]
[Site "Tallin EST"]
[Date "2013.01.19"]
[Round "9.4"]
[White "Laurusas,T"]
[Black "Drugov,P"]
[Result "0-1"]
[WhiteElo "2413"]
[BlackElo "2316"]

1.c4 g6 2.d4 Nf6 3.Nc3 Bg7 4.e4 O-O 5.Nf3 d6 6.Be2 e5 7.Be3 Ng4 8.Bg5 f6
9.Bh4 Nc6 10.dxe5 dxe5 11.Qd5+ Kh8 12.h3 Nh6 13.O-O-O Qe7 14.Qd2 Nd4 15.Nxd4 exd4
16.Qxd4 c6 17.Qd6 Qxd6 18.Rxd6 f5 19.f3 fxe4 20.fxe4 Nf7 21.Rdd1 Be6 22.Kc2 g5
23.Bf2 Ne5 24.Bc5 Rfe8 25.b3 Bf7 26.Bd4 Bg6 27.h4 gxh4 28.Rxh4 Bf6 29.Rf4 Kg7
30.c5 Rad8 31.b4 Ng4 32.Bxf6+ Nxf6 33.Rxd8 Rxd8 34.Bd3 a5 35.bxa5 Nd7 36.a6 Nxc5
37.Bc4 b5 38.Bb3 Nxa6 39.a3 Nc5 40.Ba2 Ra8 41.Nb1 Bxe4+ 42.Kd2 b4 43.Bc4 Bxb1
44.axb4 Rd8+ 45.Ke3 Re8+ 46.Kd2 Rd8+ 47.Ke3 Nd7 48.Rf7+ Kg6 49.Re7 Nf6 50.Bf7+ Kg5
51.Re5+ Kh6 52.Ke2 Bd3+ 53.Ke1 Bb5 54.Bb3 Re8 55.Rxe8 Nxe8 56.Kf2 Nc7  0-1

[Event "Kislovodsk Open 2013"]
[Site "Kislovodsk RUS"]
[Date "2013.01.23"]
[Round "9"]
[White "Prizant,Ja"]
[Black "Vodolazhenko,Nikolay"]
[Result "1-0"]
[WhiteElo "2546"]
[BlackElo "1971"]

1.d4 Nf6 2.c4 g6 3.Nc3 Bg7 4.e4 d6 5.Nf3 O-O 6.Be2 e5 7.d5 Nbd7 8.O-O Nc5
9.Qc2 a5 10.Bg5 Bg4 11.h3 Bd7 12.Nd2 h6 13.Be3 Nh7 14.b3 f5 15.exf5 Bxf5
16.Nde4 Nxe4 17.Nxe4 Nf6 18.Bd3 Nxe4 19.Bxe4 b6 20.f3 Qh4 21.a3 Bxe4 22.Qxe4 Qxe4
23.fxe4 Rxf1+ 24.Kxf1 Kf7 25.Ke2 g5 26.Rf1+ Kg6 27.Kd3 Rf8 28.Rb1 h5 29.b4 axb4
30.axb4 Ra8 31.c5 bxc5 32.bxc5 g4 33.c6 Ra3+  1-0

[Event "Dvorkovich Mem 2013"]
[Site "Taganrog RUS"]
[Date "2013.01.23"]
[Round "9.7"]
[White "Khismatullin,D"]
[Black "Fedoseev,Vl3"]
[Result "1-0"]
[WhiteElo "2652"]
[BlackElo "2514"]

1.Nf3 Nf6 2.c4 g6 3.Nc3 Bg7 4.e4 d6 5.d4 O-O 6.Be2 Nbd7 7.O-O e5 8.Re1 Re8
9.Bf1 a5 10.Qc2 h6 11.dxe5 dxe5 12.h3 Nc5 13.Be3 Nfd7 14.Rad1 Qf6 15.Nd5 Qc6
16.b3 b6 17.a3 Ra7 18.g3 Nf6 19.Bg2 Ncd7 20.Qc1 Kh7 21.Nh4 Bb7 22.Nc3 Raa8
23.Nf3 Bf8 24.Qb2 Qe6 25.Nd5 Rac8 26.Nh4 Nc5 27.b4 axb4 28.axb4 Ncd7 29.Qb3 c5
30.b5 Nxd5 31.cxd5 Qf6 32.Nf3 c4 33.Qc3 Qd6 34.Rb1 f5 35.exf5 gxf5 36.Nh4 Qf6
37.Ra1 f4 38.Bd2 fxg3 39.fxg3 Bc5+ 40.Kh2 e4 41.Ra7 Bd4 42.Qc2 Nc5 43.Rf1 Qe5
44.Rf5 Qb8 45.Qxc4 Bg7 46.Rf7 Kg8 47.Rxg7+ Kxg7 48.Bc3+ Kf7 49.Qf1+ Ke7 50.Qf6+ Kd7
51.Nf5  1-0

[Event "TCh-CAT Div Hon 2013"]
[Site "Catalonia ESP"]
[Date "2013.01.26"]
[Round "2.4"]
[White "Herraiz Hidalgo,H"]
[Black "Libiszewski,F"]
[Result "1/2-1/2"]
[WhiteElo "2488"]
[BlackElo "2495"]

1.d4 Nf6 2.c4 g6 3.Nc3 Bg7 4.e4 d6 5.Be2 O-O 6.Nf3 Nbd7 7.O-O e5 8.Be3 Qe7
9.Qc2 c6 10.Rad1 h6 11.d5 c5 12.g3 Nh7 13.Qc1 h5 14.Nh4 Ndf6 15.f3 Bh3 16.Rf2 Kh8
17.Bf1 Bd7 18.Kh1  1/2-1/2

[Event "6th Gora Sw Anny OpA"]
[Site "Gora Swietej Anny POL"]
[Date "2013.01.26"]
[Round "2.10"]
[White "Kuciel,W"]
[Black "Sroka,J"]
[Result "0-1"]
[WhiteElo "2036"]
[BlackElo "2129"]

1.d4 Nf6 2.c4 g6 3.Nc3 Bg7 4.e4 d6 5.Nf3 O-O 6.Be2 Na6 7.O-O e5 8.Be3 exd4
9.Nxd4 Re8 10.f3 c6 11.Qd2 Qe7 12.Nc2 Bf8 13.Rad1 Nd7 14.h3 f6 15.Bf4 Ne5
16.Bg3 Nf7 17.b4 Be6 18.f4 f5 19.exf5 Bxf5 20.a3 Bg7 21.Nd4 Nc7 22.Bf3 Qf6
23.Bf2 Ne6 24.Nde2 Nf8 25.Bd4 Qe7 26.g4 Be6 27.Bxg7 Kxg7 28.Rfe1 Qh4 29.Ne4 Kg8
30.Qc3 Nd7 31.Kg2 d5 32.N4g3 Nf6 33.Nd4 Bd7 34.cxd5 cxd5 35.Qb3 h5 36.Rh1 Ne4
37.Bxe4 dxe4 38.Qd5 Ba4 39.Rde1 Rad8 40.Qc4 Rc8 41.Qa2 Qf6 42.Qd2 Red8 43.Nge2 Rc2
44.g5 Qb6 45.Qxc2 Bxc2 46.Nxc2 Rd2 47.Na1 Qe3  0-1